| 000 | 00438nam a2200145 i 4500 | ||
|---|---|---|---|
| 001 | 24990 | ||
| 003 | ES-MaACL | ||
| 007 | t| | ||
| 008 | 021219s1982 sp ||||1| spa d | ||
| 245 | 0 | 0 |
_aApreciación crítica de la Teoría Pura del Derecho / _cJuan Enrique Serra... [et al.]. |
| 260 |
_aValparaíso : _bEdeval, _c1982. |
||
| 300 |
_a218 p. ; _c22 cm. |
||
| 700 | 1 |
_aSerra, Juan Enrique. _9105611 |
|
| 852 |
_aES-MaACL _jL-3416 _bR.104219 |
||
| 999 |
_c24990 _d24990 |
||